ბათუმის შოთა რუსთაველის სახელმწიფო უნივერსიტეტის ბიბლიოთეკა

Anime from Akira to Howl's Moving Castle: (ბიბ.ჩანაწერი № 64008)

000 -LEADER
fixed length control field 00714nam a22001937a 4500
003 - CONTROL NUMBER IDENTIFIER
control field Ge_BSU
005 - DATE AND TIME OF LATEST TRANSACTION
control field 20260309153157.0
008 - FIXED-LENGTH DATA ELEMENTS--GENERAL INFORMATION
fixed length control field 260309s2005 eng||||| |||| 00| 0 eng d
020 ## - INTERNATIONAL STANDARD BOOK NUMBER
International Standard Book Number 9781403970527x
041 ## - LANGUAGE CODE
Language code of text/sound track or separate title eng
080 ## - UNIVERSAL DECIMAL CLASSIFICATION NUMBER
Universal Decimal Classification number 791.288(520) N-22
100 ## - MAIN ENTRY--PERSONAL NAME
Personal name Napier, Susan J.
9 (RLIN) 27083
245 ## - TITLE STATEMENT
Title Anime from Akira to Howl's Moving Castle:
Remainder of title Experiencing Contemporary Japanese Animation /
Statement of responsibility, etc. Susan J. Napier.
264 ## - PRODUCTION, PUBLICATION, DISTRIBUTION, MANUFACTURE, AND COPYRIGHT NOTICE
Place of production, publication, distribution, manufacture New York ;
Name of producer, publisher, distributor, manufacturer St. Martin's Griffin,
Date of production, publication, distribution, manufacture, or copyright notice 2005.
300 ## - PHYSICAL DESCRIPTION
Extent 360 p.:
Other physical details ill.;
Dimensions 21 cm.
504 ## - BIBLIOGRAPHY, ETC. NOTE
Bibliography, etc. note bibliogr. p.332-342
653 ## - INDEX TERM--UNCONTROLLED
keyword თანამედროვე იაპონური ანიმაციის გამოცდილება
942 ## - ADDED ENTRY ELEMENTS (KOHA)
Source of classification or shelving scheme
Koha item type წიგნი
ეგზემპლარები
Withdrawn status Lost status Source of classification or shelving scheme Damaged status Not for loan Permanent Location Current Location Shelving location Date acquired Cost, normal purchase price Full call number Barcode Date last seen Copy number Uniform Resource Identifier Price effective from Koha item type Public note
          ბათუმის შოთა რუსთაველის სახელმწიფო უნივერსიტეტის მთავარი ბიბლიოთეკა ბათუმის შოთა რუსთაველის სახელმწიფო უნივერსიტეტის მთავარი ბიბლიოთეკა წიგნსაცავი 2026-03-09 12.00 791.288(520) N-22 73894 2026-03-09 73894 იაპონიის ელჩის საჩუქარი 2026-03-09 წიგნი 12 ლ.